ये पहाड़ी रंग की आँखेँ: (Record no. 213264)

MARC details
000 -LEADER
fixed length control field 00776nam a22001697a 4500
010 ## - LCCN (DPL NO)
LC control number HIN-130344
020 ## - INTERNATIONAL STANDARD BOOK NUMBER
International Standard Book Number 9789392655111
Terms of availability 200
035 ## - SYSTEM CONTROL NUMBER
System control number HN-102690
037 ## - SOURCE OF ACQUISITION
Source of stock number/acquisition DBAD
082 ## - DEWEY DECIMAL CLASSIFICATION NUMBER
Classification number 821
100 ## - MAIN ENTRY--PERSONAL NAME
Personal name जोशी, आराधना
245 ## - TITLE STATEMENT
Title ये पहाड़ी रंग की आँखेँ:
Statement of responsibility, etc आराधना जोशी
Remainder of title कविता-संग्रह
260 ## - PUBLICATION, DISTRIBUTION, ETC. (IMPRINT)
Place of publication, distribution, etc राजस्थान
Name of publisher, distributor, etc कलासन प्रकाशन
Date of publication, distribution, etc 2023
270 ## - ADDRESS
Address मालगोदाम रोड, अलखसागर, बीकानेर
City राजस्थान
Postal code 334001
Electronic mail address centraloffice@oreintblackswan.com
300 ## - PHYSICAL DESCRIPTION
Extent 120पृष्ठ;
Dimensions 22सेमी(सजिल्द)
942 ## - ADDED ENTRY ELEMENTS (KOHA)
Source of classification or shelving scheme Dewey Decimal Classification
Item type Hindi Books
Classification part 821
Call number suffix जोशी
Holdings
Withdrawn status Lost status Not for loan Collection code Home library Current library Date acquired Source of acquisition Cost, normal purchase price Full call number Barcode Copy number Cost, replacement price Koha item type
    Not For Loan Non-fiction D.B.Act.Division D.B.Act.Division 03/09/2025 DBAD 200.00 821 जोशी HN-102690 1 200.00 Hindi Books

© Delhi Public Library
Hit Counter
free hit counter